| 000 | 00645 a2200193 4500 | ||
|---|---|---|---|
| 003 | NUST | ||
| 005 | 20221228140228.0 | ||
| 020 | _a0224012320 | ||
| 040 | _cNust | ||
| 082 | _a355.4,KEE | ||
| 100 |
_aKeegan, John _948589 |
||
| 245 |
_aThe Face of Battle / _cJohn Keegan |
||
| 260 |
_aLondon _b Jonathan Cape _c1976 |
||
| 300 | _a352,p.; | ||
| 505 | _aOld Unhappy Far off Things (Page-15), Agincourt October 25th 1415 (Page-79), Waterloo June 18th 1815 (Page-117), Chapter 4:- The Somme July 1st 1916 (Page-204), The Future of Battle (Page-285). | ||
| 600 |
_aJohn Keegan _9106235 |
||
| 650 |
_aBattle _9106236 |
||
| 942 |
_2ddc _cBK _k355.4,KEE |
||
| 999 |
_c186368 _d186368 |
||